Ako byť úspešný na veľtrhu

Nové prístupy k účasti firiem na veľtrhoch. Najčastejšie chyby vystavovateľov. Spôsob prezentácie a hlavné ciele veľtrhu.

Salvato in:
Dettagli Bibliografici
Autore principale: Mišík, Martin
Natura: Capitolo di libro
Lingua:slovacco
Soggetti:
Tags: Aggiungi Tag
Nessun Tag, puoi essere il primo ad aggiungerne!!

MARC

LEADER 00000naa a2200000 4500
001 0141464
005 20230912101158.3
041 0 |a slo 
044 |a SK 
245 1 0 |a Ako byť úspešný na veľtrhu  |c Martin Mišík 
520 |a Nové prístupy k účasti firiem na veľtrhoch. Najčastejšie chyby vystavovateľov. Spôsob prezentácie a hlavné ciele veľtrhu. 
610 2 0 |a veľtrhy 
610 2 0 |a predajcovia 
610 2 0 |a reklama vonkajšia 
610 2 0 |a prezentácia 
610 2 0 |a firmy 
610 2 0 |a zákazníci 
610 2 0 |a komunikácia 
100 1 |a Mišík, Martin